| 000 | 00959nas a2200301 4500 | ||
|---|---|---|---|
| 001 | BR2012000375 | ||
| 003 | BR-BrBNA | ||
| 005 | 20231205120013.0 | ||
| 007 | ta | ||
| 008 | 230509b bl.|||p| |||| 00| 00por d | ||
| 040 |
_aBR-BrBNA _bpor _cBiblioteca Nacional de Agricultura |
||
| 041 | _a(Pt) | ||
| 072 | _aJ11; F30 | ||
| 100 | 1 | _aMoraes, C.P.B. de | |
| 100 | 1 | _aBoiça Junior, A.L. | |
| 100 | 1 | _aSouza, J.R. de | |
| 100 | 1 | _aCosta, J.T. da | |
| 245 | 1 | _aDeterminação dos tipos de resistência em genótipos de feijoeiro ao ataque de Zabrotes subfasciatus (Coleoptera: Bruchidae) | |
| 650 | _aFEIJÃO | ||
| 650 | _aPERDA PÓS-COLHEITA | ||
| 650 | _aPRAGA DE PRODUTO ARMAZENADO | ||
| 650 | _aCARUNCHO | ||
| 650 | _aGENÓTIPO | ||
| 650 | _aVARIEDADE RESISTENTE | ||
| 773 | 0 |
_tRevista Ceres (Brazil) _xISSN 0034-737X _g(Jul-Aug 2011), v. 58(4) p. 419-424 _wBR2012000375 |
|
| 909 |
_a202311 _bLúcia _c55 _dLúcia Elande |
||
| 942 |
_2AGRIS _n0 _cANA |
||
| 999 |
_c216647 _d216647 |
||